000 00496nam a2200181Ia 4500
001 72206
008 160401s9999 xx 000 0 und d
020 _a9781760292263
040 _cPK-LaUMT
082 _a 956.7044348
_bMCC-H
100 _aMcCurley, T. Mark
245 _aHunter killer
_binside the lethal world of drone warfare
_cMcCurley, T. Mark|Maurer, Kevin
260 _aUK,London:
_bAllen & Unwin,
_c2015
300 _a345 p.
546 _aEN
700 _aMaurer, Kevin
942 _cBK
999 _c85186
_d85186